|
|
|
|
| LEADER |
00000cam a2200000 7i4500 |
| 001 |
0000000983 |
| 002 |
000001091 |
| 005 |
20000330.0 |
| 020 |
|
|
|a 9838782157
|
| 090 |
0 |
0 |
|a 030
|b TIT
|
| 100 |
1 |
|
|a Woodward, Kate
|
| 245 |
1 |
0 |
|a Bagaimanakah burung terbang?
|c Kate Woodward ; illustrasi oleh Isabel Bowring
|
| 260 |
|
|
|a Johor Bahru :
|b Pelangi Sdn Bhd ,
|c 19--?
|
| 300 |
|
|
|a 24 p. :
|b ill. ;
|c 18 cm.
|
| 490 |
0 |
|
|a Siri Titik Permulaan Sains Pelangi
|
| 650 |
0 |
0 |
|a Birds
|x Juvenile literature
|
| 700 |
1 |
|
|a Bowring, Isabel
|
| 999 |
|
|
|a 029501
|b BUKU
|c PINJAMAN
|e PERPUSTAKAAN KOMUNITI PETALING JAYA
|
| 999 |
|
|
|a 029502
|b BUKU
|c PINJAMAN
|e PERPUSTAKAAN KOMUNITI PETALING JAYA
|
| 999 |
|
|
|a 046766
|b BUKU
|c PINJAMAN
|e PERPUSTAKAAN KOMUNITI CAW KOTA DAMANSARA
|